00528cam a22002051 4500001001300000003000400013005001700017008004100034010001700075035002000092040001900112042001200131050001700143060002300160100003900183245003400222260003300256300001600289999001700305med47001616 DLC20260227111602.0810815s1947 xx a 000 0 eng  amed47001616  a(OCoLC)14741669 aDLCcDNLMdDLC apremarc00aRM730b.D3950 aWB 905bD326b 19471 aDe Jarnette, Bertrand,d1899-1992.10aBloodless surgery compend ... aNebraska City, Neb.,cc1947. a57 p.bill. c38345d38345